Les Meilleurs buteurs de la Premier League 2017-2018 - Statistiques

Statistiques générales
  • Ce quiz a été pris 132 fois
  • Le résultat moyen est 11 sur 13
Statistiques - réponses
Buts Nationalité Club Joueur % Correct
30 Angleterre Tottenham Hotspur Harry Kane
99%
32 Égypte Liverpool FC Mohamed Salah
99%
12 Corée du Sud Tottenham Hotspur Son Heung-min
98%
20 Angleterre Leicester City Jamie Vardy
96%
21 Argentine Manchester City Sergio Agüero
96%
12 Algérie Leicester City Riyad Mahrez
94%
16 Belgique Manchester United Romelu Lukaku
94%
12 Belgique Chelsea FC Eden Hazard
92%
14 France Arsenal FC Alexandre Lacazette
90%
15 Brésil Liverpool FC Roberto Firmino
90%
13 Brésil Manchester City Gabriel Jesus
82%
18 Angleterre Manchester City Raheem Sterling
80%
12 Angleterre Brighton & Hove Albion Glen Murray
13%
Aucun quiz correspondant
Distribution des résultats
% des personnes avec chaque résultat
Percentile par nombre de réponses
Votre historique - résultats
Vous n’avez pas pris ce quiz